Descodifique nomes de países - Statistics

Estatísticas Gerais
  • Esse quiz foi jogado 25 vezes
  • A pontuação média é 8 de 20
Estatísticas das Respostas
Código País % Correto
2233664446 Benim
67%
5272666 Japão
62%
73377788 Peru
62%
4446634442 Índia
57%
42662 Gana
52%
4777266232 Granada
52%
72555288 Palau
48%
7266262 Panamá
43%
26646665552 Angola
38%
426224442 Gâmbia
38%
86664666 Togo
38%
6628877788 Nauru
33%
663372555 Nepal
33%
7778826632 Ruanda
33%
77778832666 Sudão
33%
4447772 Irã
29%
62555444 Mali
29%
6255582 Malta
24%
88426632 Uganda
19%
3334445444 Fiji
14%
Nenhum quiz correspondente encontrado
Distribuição das Pontuações
Porcentagem de Pessoas com Cada Pontuação
Percentil de Números Respondidos
Sua Pontuação Histórica
Você não jogou esse quiz